000 00351 a2200169 4500
001 68970
020 _a
040 _cAnchieta - Itaigara
100 _aLetieres, Liris
240 1 0 _aOs nomes de Marilda
_lpor
245 1 0 _aOs nomes de Marilda
300 _a23
362 0 _a0
440 1 _aÁtica
650 4 _aLiteratura infantil
942 _cBK
999 _c68970
_d68970